Hét év után

Elmentve itt :
Bibliográfiai részletek
Szerző: Németh Ferenc
Dokumentumtípus: Cikk
Megjelent: 1968-04-21
Sorozat:Délmagyarország 58 No. 93
Kulcsszavak:Magyar irodalom novella
Online Access:http://dmarchiv.bibl.u-szeged.hu/62823
LEADER 00442nab a2200157 i 4500
001 delm62823
005 20180927151304.0
008 180927s1968 hu o 0|| hun d
040 |a SZTE Délmagyarország Archívum  |b hun 
041 |a hun 
100 1 |a Németh Ferenc 
245 1 0 |a Hét év után  |h [elektronikus dokumentum] /  |c  Németh Ferenc 
260 |c 1968-04-21 
300 |a 6 
490 0 |a Délmagyarország  |v 58 No. 93 
695 |a Magyar irodalom novella